| 000 | 01931cam a22004454a 4500 | ||
|---|---|---|---|
| 001 | 12996334 | ||
| 003 | OSt | ||
| 005 | 20140310182031.0 | ||
| 008 | 021108s2004 nyua j b 001 0 eng | ||
| 010 | _a 2002153683 | ||
| 020 | _a0823939642 (lib. bdg.) | ||
| 040 |
_aDLC _cDLC _dDLC |
||
| 042 |
_apcc _alcac |
||
| 050 | 0 | 0 |
_aRA 567.7 _b.C66 2004 |
| 082 | 0 | 0 | _a363.72/88 |
| 100 | 1 |
_aStephanie Cooperman. _910244 |
|
| 245 | 1 | 0 |
_aBiohazard technicians : _blife on a trauma scene cleanup crew / _cby Stephanie Cooperman. |
| 250 | _a1st ed. | ||
| 260 |
_aNew York : _bRosen Pub. Group, _cc2004. |
||
| 300 |
_a64 p. : _bcol. ill. ; _c23 cm. |
||
| 440 | 0 |
_aExtreme careers _99976 |
|
| 504 | _aIncludes bibliographical references (p. 59-60) and index. | ||
| 520 | _aExamines the careers available in the field of biohazard disposal, discussing the necessary education, training, and on-the-job duties. | ||
| 521 | _aFirst year to fourth year high school students | ||
| 650 | 0 |
_aInfectious wastes _vJuvenile literature. _910245 |
|
| 650 | 0 |
_aTraumatology _xWaste disposal _xVocational guidance _vJuvenile literature. _910246 |
|
| 650 | 0 |
_aEmergency medical technicians _xVocational guidance _vJuvenile literature. _910247 |
|
| 650 | 0 |
_aCrime scenes _xHealth aspects _vJuvenile literature. _910248 |
|
| 650 | 0 |
_aCleaning personnel _xVocational guidance _vJuvenile literature. _910249 |
|
| 650 | 1 |
_aInfectious wastes. _910250 |
|
| 650 | 1 |
_aEmergency medical technicians _xVocational guidance. _910251 |
|
| 650 | 1 |
_aCrime scenes _xHealth aspects. _910252 |
|
| 650 | 1 |
_aCleaning personnel _xVocational guidance. _910253 |
|
| 650 | 1 |
_aVocational guidance. _92038 |
|
| 906 |
_a7 _bcbc _corignew _d1 _eecip _f20 _gy-gencatlg |
||
| 942 |
_2lcc _cHS |
||
| 999 |
_c8567 _d8567 |
||